000 00295nam a22001337a 4500
008 171027b xxu||||| |||| 00| 0 eng d
020 _a9780887303715
041 _aeng
080 _a336
100 _a55
101 _aMEN
245 _aMANAGING FINANCIAL RISK
_cSMITH.C.W
942 _2udc
_cBK
999 _c36014
_d36014